000 00291nam a2200121Ia 4500
008 240731s9999 xx 000 0 und d
022 _a1465-3397
245 0 _aEducational Review
260 _bRoutledge
856 _uhttps://www.tandfonline.com/loi/cedr20
942 _2ddc
942 _cTFEJ
999 _c76379
_d76379
945 _a1
_bMadushi Gamage
_c1
_dMadushi Gamage